Môžu mať bioplasty negatívny vplyv na rôzne zložky životného prostredia ?

Saved in:
Bibliographic Details
Main Author: Halúzková, Annamária (Author)
Other Authors: Mackuľak, Tomáš (Thesis advisor)
Format: Manuscript Book
Language:Slovak
Published: 2022
Subjects:
Online Access:http://is.stuba.sk/zp/portal_zp.pl?podrobnosti=158464
Tags: Add Tag
No Tags, Be the first to tag this record!

MARC

LEADER 00000ntm a22000003a 4500
001 stuzp90292
003 SK-STU
005 20220625211733.2
007 ta
008 150427s2015----xo-----f-mn---000-0-slo-d
040 |a STU  |b slo 
041 0 |a slo 
100 1 |a Halúzková, Annamária  |u 046290  |4 aut  |U FCHPT Ústav chemického a environmentálneho inžinierstva  |T FCHPT Oddelenie environmentálneho inžinierstva  |X 105524  |U C6290  |Y 120  |7 105524 
242 0 1 |a Can bioplastics have a negative impact on various components of the environment?  |y eng 
245 1 0 |a Môžu mať bioplasty negatívny vplyv na rôzne zložky životného prostredia ? 
260 |c 2022 
650 4 |a bioplast  |2 slo 
650 4 |a kyselina polymliečna  |2 slo 
650 4 |a krevety  |2 slo 
650 4 |a toxicita  |2 slo 
650 4 |a životné prostredie  |2 slo 
650 4 |a toxicity  |2 eng 
650 4 |a bioplastic  |2 eng 
650 4 |a polylactic acid  |2 eng 
650 4 |a environment  |2 eng 
650 4 |a shrimp  |2 eng 
700 1 |a Mackuľak, Tomáš  |u 046290  |k Z1  |4 ths  |U FCHPT Ústav chemického a environmentálneho inžinierstva  |T FCHPT Oddelenie environmentálneho inžinierstva  |X 25433  |U C6290  |Y 120  |7 A000025433 
856 4 |u http://is.stuba.sk/zp/portal_zp.pl?podrobnosti=158464